000 00526nam a22001817a 4500
999 _c5743
_d5743
003 GBCCL
005 20241126110549.0
008 180405b ||||| |||| 00| 0 eng d
040 _cgbc
082 _a252
_bSIM
100 _aSimon, Paul
_910372
245 _aGod means what He says and other writings /
_cPaul Simon
260 _aMississippi:
_bJ. C. Choate Publications,
_c1973
300 _a210 p.;
_c17 cm.
650 _aChristian life
_vSermons
_910373
650 _aSermons
_vAmerican
_y20th Century
_910374
942 _2ddc
_cBK